000 01767nam0a2200397 4500
001 RU\NLR\BIBL_A\022629868
005 20260206171555.0
010 _a978-5-00269-003-9
_9150
021 _aRU
_bКН-П-25-047704
_9КН-П-25-4628
035 _a(NLR Aleph) 022629868
090 _a13547107
_c13547107
100 _a20250924d2025 k y0rusy50 ca
101 1 _arus
_cdut
_cfre
102 _aRU
105 _aac z 000zy
181 0 _ai3
_baxxe
182 0 _an
200 1 _aЗлой мир и пляска смерти
_eособенности средневекового мышления
_fЙохан Хейзинга, Ален Либера
_gпер. с нид.: Д. В. Сильвестров
_gпер. с фр.: А. М. Руткевич, О. В. Головая
203 _aТекст
_bвизуальный
_cнепосредственный
210 _aМосква
_cРодина
_d2025
215 _a222, [1] с.
_cил., портр.
_d21
225 1 _aСила мысли
320 _aБиблиогр. в тексте
333 _a16+
606 1 _aМировоззрение средневековое
_2nlr_sh1
_2nlr_sh2
_3RU\NLR\AUTH\661395695
606 1 _aФилософия нидерландская
_z19 - 20 вв.
_2nlr_sh1
_2nlr_sh2
_3RU\NLR\AUTH\661128268
606 1 _aБыт и нравы
_xИстория
_zСредние века
_2nlr_sh1
_2nlr_sh2
_3RU\NLR\AUTH\661323777
686 1 _aЮ3(0)41
686 1 _aЮ3(4Н)6-638
686 1 _aТ3(0)4-75
700 1 _aХейзинга
_bЙ.
_f1872-1945
_gЙохан
_3RU\NLR\AUTH\7721850
701 1 _aЛибера
_bА. де
_f1948-
_gАлен де
_3RU\NLR\AUTH\7719716
942 _cBOOK
980 _aNB